Statistics for English Kings and Queens

Click here to take the quiz!

General Stats

  • This quiz has been taken 892 times
  • The average score is 37 of 42

Answer Stats

Hint Answer % Correct
1100-1135Henry I
95%
1558-1603Elizabeth I
95%
1422-1461Henry VI
94%
1470-1471(restored)Henry VI
94%
1066-1087William I
94%
1413-1422Henry V
94%
1154-1189Henry II
94%
1485-1509Henry VII
93%
1216-1272Henry III
93%
1399-1413Henry IV
92%
1509-1547Henry VIII
92%
1714-1727George I
92%
1952-Elizabeth II
92%
1272-1307Edward I
91%
1727-1760George II
91%
1760-1820George III
91%
1087-1100William II
91%
1307-1327Edward II
91%
1327-1377Edward III
90%
1547-1553Edward VI
90%
1483Edward V
90%
1910-1936George V
89%
1820-1830George IV
89%
1471-1483(restored)Edward IV
88%
1461-1470Edward IV
88%
1189-1199Richard I
88%
1553-1558Mary
88%
1377-1399Richard II
86%
1625-1649Charles I
86%
1936-1952George VI
86%
1901-1910Edward VII
85%
1660-1685Charles II
85%
1837-1901Victoria
85%
1689-1702William III
84%
1603-1625James I
84%
1483-1485Richard III
83%
1199-1216John
81%
1685-1688James II
80%
1936Edward VIII
79%
1830-1837William IV
77%
1135-1154Stephen
72%
1702-1714Anne
72%

Score Distribution

Percentile by Number Answered

Percent of People with Each Score

Your Score History

You have not taken this quiz